Statistics for Neutral Countries during WWII

Click here to take the quiz!

General Stats

  • This quiz has been taken 142 times
  • The average score is 11 of 16

Answer Stats

Countries% Correct
Sweden
95%
Switzerland
92%
Portugal
90%
Spain
90%
Andorra
89%
Vatican City
88%
San Marino
86%
Ireland
85%
Liechtenstein
84%
Iceland
77%
Afghanistan
57%
Yemen
44%
Latvia
42%
Lithuania
42%
Estonia
40%
Tibet
17%

Score Distribution

Percentile by Number Answered

Percent of People with Each Score

Your Score History

You have not taken this quiz